Each MLB teams top prospect for the 2023 season - Statistics

General Stats
  • This quiz has been taken 15 times
  • The average score is 3 of 30
Answer Stats
Hint Answer % Correct
Orioles Gunnar Henderson
88%
Yankees Anthony Volpe
50%
Dodgers Bobby Miller
25%
D-Backs Corbin Carroll
25%
Mets Francisco Alvarez
25%
Cardinals Jordan Walker
25%
Brewers Bryce Turang
13%
Rays Curtis Mead
13%
Rangers Evan Carter
13%
Braves Jared Shuster
13%
Angles Logan O'hoppe
13%
Cubs Pete-Crow Armstrong
13%
Red Sox Tristan Casas
13%
Phillies Andrew Painter
0%
Guardians Daniel Espino
0%
Reds Elly De La Cruz
0%
Athletics Esteury Ruiz
0%
Marlins Eury Perez
0%
Rockies Ezequiel Tovar
0%
Royals Gavin Cross
0%
Mariners Harry Ford
0%
Tigers Jackson Jobe
0%
Padres Jackson Merrill
0%
Giants Marco Luciano
0%
White Sox Oscar Colas
0%
Blue Jays Ricky Tiedemann
0%
Nationals Robert Hassell
0%
Twins Royce Lewis
0%
Pirates Termarr Johnson
0%
Astros Yainer Diaz
0%
No matching quizzes found
Score Distribution
Percent of People with Each Score
Percentile by Number Answered
Your Score History
You have not taken this quiz